[Event "13th Asian Continental 2014"]
[Site "Sharjah UAE"]
[Date "2014.04.22"]
[Round "6.14"]
[White "Wan, Yunguo"]
[Black "Vishnu Prasanna, V"]
[Result "1/2-1/2"]
[WhiteTitle "IM"]
[BlackTitle "GM"]
[WhiteElo "2505"]
[BlackElo "2465"]
[WhiteFideId "8603189"]
[BlackFideId "5030692"]
[EventDate "2014.04.17"]

1. e4 c5 2. Nf3 Nc6 3. d4 cxd4 4. Nxd4 Nf6 5. Nc3 e5 6. Ndb5 d6 7. Nd5 Nxd5 8.
exd5 Nb8 9. c4 Be7 10. Be2 O-O 11. O-O a6 12. Nc3 f5 13. f3 Nd7 14. Rb1 Bg5 15.
b4 Bxc1 16. Qxc1 Qh4 17. Qe1 Qd4+ 18. Kh1 Nf6 19. Rd1 Qa7 20. Qd2 Bd7 21. a3 a5
22. Rb1 Rfc8 23. Rfc1 axb4 24. axb4 Qd4 25. Qxd4 exd4 26. Nd1 Ra3 27. Bf1 b5 28.
Kg1 d3 29. Nb2 Rb3 30. c5 d2 31. Rc2 dxc5 32. bxc5 Nxd5 33. Ra1 Rc3 34. Rxd2
R3xc5 35. Nd3 R5c7 1/2-1/2

[Event "13th Asian Continental 2014"]
[Site "Sharjah UAE"]
[Date "2014.04.22"]
[Round "6.15"]
[White "Gao, Rui"]
[Black "Gupta, Abhijeet"]
[Result "0-1"]
[WhiteTitle "GM"]
[BlackTitle "GM"]
[WhiteElo "2484"]
[BlackElo "2630"]
[WhiteFideId "8602387"]
[BlackFideId "5010608"]
[EventDate "2014.04.17"]

1. e4 c5 2. Nf3 d6 3. d4 cxd4 4. Nxd4 Nf6 5. Nc3 Nc6 6. Bg5 e6 7. Qd2 a6 8.
O-O-O Bd7 9. f3 Be7 10. h4 O-O 11. g4 Nxd4 12. Qxd4 Bc6 13. Be3 b5 14. g5 Nd7
15. Kb1 b4 16. Ne2 d5 17. Qd2 dxe4 18. Nd4 Bd5 19. fxe4 Bxe4 20. Bg2 Nc5 21. Qf2
Qc7 22. h5 Qb7 23. Bxe4 Nxe4 24. Qg1 Rad8 25. Re1 Rd5 26. g6 Bf6 27. Qg4 Re5 28.
Nb3 Rd8 29. gxf7+ Kxf7 30. Rhf1 Qb5 31. h6 Rf5 32. Rg1 Qe5 33. Bc1 Rg5 34. Rxe4
Rxg4 35. Rgxg4 Qd5 36. Rxb4 g5 37. Ra4 Rc8 38. Nd2 a5 39. Ne4 Qd1 40. Rg2 Bxb2
41. Nxg5+ Ke7 0-1

[Event "13th Asian Continental 2014"]
[Site "Sharjah UAE"]
[Date "2014.04.22"]
[Round "6.16"]
[White "Shyam, Sundar M."]
[Black "Sengupta, Deep"]
[Result "0-1"]
[WhiteTitle "GM"]
[BlackTitle "GM"]
[WhiteElo "2481"]
[BlackElo "2531"]
[WhiteFideId "5019141"]
[BlackFideId "5008352"]
[EventDate "2014.04.17"]

1. d4 e6 2. c4 Nf6 3. Nf3 d5 4. Bg5 c6 5. Nbd2 h6 6. Bxf6 Qxf6 7. e3 Nd7 8. Bd3
g6 9. O-O Bg7 10. e4 dxe4 11. Nxe4 Qe7 12. c5 O-O 13. Re1 Rd8 14. Qa4 Nf6 15.
Nd6 Ne8 16. Nxe8 Rxe8 17. Ne5 Bd7 18. Qb3 Reb8 19. Rac1 b6 20. Qc2 Be8 21. b3
Rd8 22. Qc4 Rd5 23. cxb6 axb6 24. Nxc6 Bxc6 25. Qxc6 Rad8 26. Be4 R5d6 27. Qb7
Qxb7 28. Bxb7 Rxd4 29. Bf3 Rd2 30. Red1 Bf8 31. Kf1 Ba3 32. Rb1 R8d6 33. b4 R6d4
34. b5 Bc5 35. Rxd2 Rxd2 36. Be2 Rxa2 37. g3 g5 38. g4 Kg7 39. Rb3 f5 40. gxf5
exf5 41. Rf3 f4 42. h4 Kf6 43. hxg5+ hxg5 44. Rd3 Rb2 45. f3 Ke5 46. Ke1 Bd4 47.
Ra3 Rb1+ 48. Kd2 Be3+ 49. Kc2 Rc1+ 50. Kd3 Rc5 51. Rb3 Rd5+ 52. Kc3 Rd7 53. Bd3
g4 54. fxg4 f3 55. Rb4 Bd4+ 56. Kc2 Kf4 57. Bf5 Rd8 58. Rb1 Bc5 59. Rd1 Re8 60.
Rd7 Re2+ 61. Kd3 Re1 62. Rf7 f2 63. Kd2 Be3+ 64. Kc3 Kg3 65. Bd3 Bf4 66. Kc2
Rc1+ 67. Kb3 f1=Q 68. Bxf1 Rxf1 69. Rf6 Rf3+ 70. Kc4 Be3 71. Rg6 Rf4+ 72. Kd3
Bc5 73. g5 Kg4 74. Rg8 Rb4 75. g6 Kg5 76. Kc3 Rxb5 77. Kc4 Rb1 78. Kd5 Re1 79.
g7 Kg6 0-1

[Event "13th Asian Continental 2014"]
[Site "Sharjah UAE"]
[Date "2014.04.22"]
[Round "6.17"]
[White "Vaibhav, Suri"]
[Black "Pourramezanali, Amirreza"]
[Result "1/2-1/2"]
[WhiteTitle "GM"]
[BlackTitle "FM"]
[WhiteElo "2530"]
[BlackElo "2435"]
[WhiteFideId "5045185"]
[BlackFideId "12511412"]
[EventDate "2014.04.17"]

1. d4 d5 2. c4 c6 3. Nc3 Nf6 4. e3 e6 5. Nf3 Nbd7 6. Qc2 Bd6 7. Bd3 O-O 8. O-O
dxc4 9. Bxc4 b5 10. Bd3 Bb7 11. Ng5 h6 12. Nge4 Be7 13. a3 Nxe4 14. Nxe4 c5 15.
dxc5 Nxc5 16. Nxc5 Bxc5 17. Rd1 Qg5 18. Bh7+ Kh8 19. Be4 Bxe4 20. Qxe4 Rfd8 21.
Bd2 Qh5 22. Qf3 Qxf3 23. gxf3 Bb6 24. Bc3 Kg8 25. Rxd8+ Rxd8 26. a4 bxa4 27.
Rxa4 f6 1/2-1/2

[Event "13th Asian Continental 2014"]
[Site "Sharjah UAE"]
[Date "2014.04.22"]
[Round "6.18"]
[White "Darini, Pouria"]
[Black "Batchuluun, Tsegmed"]
[Result "0-1"]
[WhiteTitle "GM"]
[BlackTitle "GM"]
[WhiteElo "2471"]
[BlackElo "2521"]
[WhiteFideId "12502200"]
[BlackFideId "4900847"]
[EventDate "2014.04.17"]

1. e4 e6 2. d4 d5 3. Nc3 Nf6 4. Bg5 Bb4 5. e5 h6 6. Bd2 Bxc3 7. bxc3 Ne4 8. Qg4
Kf8 9. Bd3 Nxd2 10. Kxd2 c5 11. h4 Nc6 12. Qf4 c4 13. Bg6 Qe7 14. Ne2 Bd7 15.
Bh5 Ke8 16. Qe3 b5 17. f4 Kd8 18. Bf3 Qa3 19. f5 a5 20. Bh5 Rf8 21. Qg3 b4 22.
Qxg7 bxc3+ 23. Ke3 Kc7 24. Rac1 Ne7 25. g4 exf5 26. Bxf7 fxg4 27. Rhf1 Rab8 28.
e6 Ba4 29. Bh5 Bxc2 30. Rf7 Rxf7 31. Qe5+ Qd6 32. exf7 Bg6 33. Qxd6+ Kxd6 34.
Bxg6 Nxg6 35. Rf1 Ke6 36. h5 Nf8 37. Nxc3 Rb7 38. Rf4 Rxf7 39. Rxf7 Kxf7 40.
Nxd5 Ke6 41. Ke4 Nd7 42. Nc7+ Kd6 43. Nb5+ Kc6 44. Nc3 Nf6+ 45. Ke5 g3 46. Kxf6
g2 47. Ne2 c3 48. Ke6 c2 49. d5+ Kb7 50. d6 g1=Q 51. Nxg1 c1=Q 52. Nf3 Qc4+ 53.
Kf5 Qd3+ 54. Kf4 Qxd6+ 55. Ne5 Qf6+ 56. Ke4 Qh4+ 57. Kd5 Qxh5 58. a4 Qd1+ 59.
Kc5 Qxa4 0-1

[Event "13th Asian Continental 2014"]
[Site "Sharjah UAE"]
[Date "2014.04.22"]
[Round "6.19"]
[White "Munkhgal, Gombosuren"]
[Black "Wang, Chen"]
[Result "1/2-1/2"]
[WhiteTitle "IM"]
[BlackTitle "IM"]
[WhiteElo "2424"]
[BlackElo "2513"]
[WhiteFideId "4901266"]
[BlackFideId "8601020"]
[EventDate "2014.04.17"]

1. d4 Nf6 2. c4 e6 3. Nc3 Bb4 4. Qc2 c5 5. a3 Bxc3+ 6. bxc3 d6 7. e4 Nbd7 8. Bd3
O-O 9. Ne2 e5 10. O-O Re8 11. d5 Nf8 12. h3 Ng6 13. Kh2 Bd7 14. g3 h6 15. Be3
Qa5 16. a4 Re7 17. f3 Rae8 18. Qd2 Kh7 19. g4 Qd8 20. Ng3 Rh8 21. Nf5 Bxf5 22.
exf5 Nf8 23. f4 N8d7 24. g5 exf4 25. g6+ Kg8 26. Bxf4 Ne5 27. Rae1 Nfd7 28. Bg3
f6 29. Rb1 Qc7 30. Be2 a5 31. Rb5 Kf8 32. Rfb1 b6 33. R1b3 Re8 34. Qb2 Rb8 35.
Bxe5 dxe5 36. Qb1 e4+ 37. Kg2 Ke7 38. Qxe4+ Kd8 39. Rb1 Re8 40. Qf3 Qd6 41. R5b2
Kc7 42. Bf1 Ne5 43. Qf4 Nf7 44. Qf2 Ne5 1/2-1/2

[Event "13th Asian Continental 2014"]
[Site "Sharjah UAE"]
[Date "2014.04.22"]
[Round "6.20"]
[White "Wang, Yiye"]
[Black "Nguyen, Duc Hoa"]
[Result "1/2-1/2"]
[BlackTitle "IM"]
[WhiteElo "2415"]
[BlackElo "2508"]
[WhiteFideId "8606021"]
[BlackFideId "12401358"]
[EventDate "2014.04.17"]

1. e4 c5 2. Nf3 Nc6 3. Nc3 Nf6 4. Bb5 g6 5. O-O Bg7 6. Re1 O-O 7. d3 Nd4 8. Bc4
d6 9. Nxd4 cxd4 10. Nd5 e6 11. Nxf6+ Qxf6 12. Bd2 Bd7 13. a4 a5 14. Qb1 Qh4 15.
Qa2 Bh6 16. g3 Qh5 17. Bxh6 Qxh6 18. Qa3 Rfd8 19. Qxd6 Bxa4 20. Qb6 Qd2 21. Bxe6
fxe6 22. Qxe6+ Kh8 23. Qf6+ 1/2-1/2

[Event "13th Asian Continental 2014"]
[Site "Sharjah UAE"]
[Date "2014.04.22"]
[Round "6.21"]
[White "Lalith, Babu M.R."]
[Black "Omar, Noaman"]
[Result "1-0"]
[WhiteTitle "GM"]
[BlackTitle "IM"]
[WhiteElo "2594"]
[BlackElo "2361"]
[WhiteFideId "5024595"]
[BlackFideId "9300244"]
[EventDate "2014.04.17"]

1. d4 d5 2. Nf3 Nf6 3. c4 e6 4. Nc3 Be7 5. Bg5 h6 6. Bh4 O-O 7. e3 Ne4 8. Bxe7
Qxe7 9. Rc1 c6 10. h4 Nd7 11. g4 Nxc3 12. Rxc3 g6 13. Qc2 e5 14. cxd5 cxd5 15.
Rc7 e4 16. Nd2 Qd8 17. Be2 Nf6 18. Rg1 Ne8 19. Rc3 Nd6 20. h5 g5 21. f3 exf3 22.
Bxf3 Be6 23. Qb3 Nc4 24. Nxc4 dxc4 25. Qc2 b5 26. Bxa8 Qxa8 27. e4 Re8 28. Kf1
Qc8 29. Rcg3 Bd7 30. R1g2 Qc6 31. e5 Qd5 32. Qd2 Bc6 33. Rf2 Qh1+ 34. Rg1 Qh3+
35. Ke2 Bf3+ 36. Ke1 Bxg4 37. Rf6 Bxh5 38. Rxh6 Qh4+ 39. Kf1 Qh3+ 40. Ke1 Qh4+
41. Qf2 Qe4+ 42. Kf1 Qd3+ 43. Kg2 Bg6 44. Kh2 b4 45. Rxg5 c3 46. Qh4 1-0

[Event "13th Asian Continental 2014"]
[Site "Sharjah UAE"]
[Date "2014.04.22"]
[Round "6.23"]
[White "Fang, Yan"]
[Black "Xu, Yinglun"]
[Result "1/2-1/2"]
[WhiteElo "2323"]
[BlackElo "2381"]
[WhiteFideId "8604746"]
[BlackFideId "8604940"]
[EventDate "2014.04.17"]

1. e4 c5 2. Nf3 d6 3. Bb5+ Bd7 4. Bxd7+ Qxd7 5. O-O Nc6 6. c3 Nf6 7. Re1 e6 8.
d4 cxd4 9. cxd4 d5 10. e5 Ne4 11. Nbd2 Nxd2 12. Bxd2 Be7 13. Rc1 O-O 14. Rc3 f6
15. exf6 Rxf6 16. Qe2 Raf8 17. a3 h6 18. Re3 Bd6 19. b4 a6 20. h3 Re8 21. Bc3
Bf4 22. Rd3 Bd6 23. Re3 Qf7 24. Bb2 Bf4 25. Rb3 Bd6 26. Re3 Bf4 27. Rb3 Bd6 28.
Re3 Bf4 1/2-1/2

[Event "13th Asian Continental 2014"]
[Site "Sharjah UAE"]
[Date "2014.04.22"]
[Round "6.24"]
[White "Al-Hadarani, Hatim"]
[Black "Akshat, Khamparia"]
[Result "1-0"]
[WhiteTitle "FM"]
[BlackTitle "IM"]
[WhiteElo "2249"]
[BlackElo "2374"]
[WhiteFideId "9400273"]
[BlackFideId "5016541"]
[EventDate "2014.04.17"]

1. d4 Nf6 2. Bg5 e6 3. Nd2 h6 4. Bh4 c5 5. e3 Nc6 6. c3 b6 7. Ngf3 Bb7 8. Bd3
Be7 9. O-O cxd4 10. exd4 O-O 11. Re1 Nd5 12. Bg3 f5 13. h3 g5 14. Qe2 Nf4 15.
Bxf4 gxf4 16. Kh2 Bd6 17. Nc4 Bc7 18. Nce5 Nxe5 19. dxe5 Rf7 20. Rg1 Kh8 21.
Rae1 Rg7 22. Ba6 Be4 23. Bd3 Bb7 24. Ba6 Be4 25. Bd3 Bxf3 26. Qxf3 Rg5 27. Kh1
Qg8 28. Qxf4 Qg7 29. Ba6 Rd8 30. Qc4 Rg8 31. Qf1 f4 32. Bb7 Bxe5 33. Bf3 Bc7 34.
Qd3 b5 35. Rd1 d6 36. Qe4 Bb6 37. Rxd6 Bxf2 38. Rgd1 Re5 39. Qc6 Qf6 40. Rd7 Qg6
41. Qc7 Rf5 42. Be4 Bb6 43. Qc6 f3 44. g4 Rh5 45. Bxf3 Rxh3+ 46. Kg2 Qh5 47. Kf1
Rh2 48. R1d2 Qe5 49. Qb7 Rg7 50. Rxg7 Qh5 51. Rh7+ 1-0

[Event "13th Asian Continental 2014"]
[Site "Sharjah UAE"]
[Date "2014.04.22"]
[Round "6.25"]
[White "Nezad, Husein Aziz"]
[Black "Muniz Pardino, Alberto"]
[Result "1-0"]
[WhiteTitle "IM"]
[WhiteElo "2366"]
[BlackElo "2105"]
[WhiteFideId "12100293"]
[BlackFideId "2229560"]
[EventDate "2014.04.17"]

1. Nf3 d5 2. d4 Bf5 3. c4 e6 4. Nc3 Nc6 5. a3 Nf6 6. cxd5 exd5 7. Bg5 Be7 8. e3
Ne4 9. Bf4 g5 10. Bg3 h5 11. h3 Nxg3 12. fxg3 Qd6 13. Kf2 O-O-O 14. Bd3 Qg6 15.
Bxf5+ Qxf5 16. Qb1 Qf6 17. Qd3 Rhg8 18. g4 Rh8 19. Qf5+ Qxf5 20. gxf5 Bf6 21. g4
h4 22. Rad1 Rhe8 23. Rhe1 Rg8 24. b4 Ne7 25. b5 Kb8 26. a4 c6 27. e4 dxe4 28.
Nxe4 Nd5 29. bxc6 bxc6 30. Rc1 Be7 31. Ne5 Ba3 32. Nxc6+ Kc7 33. Rc2 Nf4 34. Re3 1-0

[Event "13th Asian Continental 2014"]
[Site "Sharjah UAE"]
[Date "2014.04.22"]
[Round "6.26"]
[White "Mamyrbay, Assad"]
[Black "Khader, Sami"]
[Result "0-1"]
[BlackTitle "IM"]
[WhiteElo "2017"]
[BlackElo "2356"]
[WhiteFideId "13708880"]
[BlackFideId "8100500"]
[EventDate "2014.04.17"]

1. e4 e6 2. d4 d5 3. Nc3 Bb4 4. e5 c5 5. a3 Bxc3+ 6. bxc3 Nc6 7. Qg4 g6 8. Nf3
Qc7 9. Bd2 c4 10. Qh4 Bd7 11. Be2 Nce7 12. Bg5 Qa5 13. Kd2 h6 14. Rhb1 Bc6 15.
a4 Qc7 16. a5 Rh7 17. Ke1 f5 18. Bc1 Qd7 19. Ng1 O-O-O 20. f4 Kb8 21. Nf3 Nc8
22. Qf2 a6 23. h4 Na7 24. Ba3 Nb5 25. Bb4 Qg7 26. Kd2 Ne7 27. Rh1 Rg8 28. Rag1
Be8 29. Bc5 Nc6 30. Bb6 Qe7 31. Qe3 Ka8 32. Ra1 Rhg7 33. Rag1 Nba7 34. Ra1 Nc8
35. Bc5 Qd8 36. Bb4 N8a7 37. Ke1 Nb5 38. Kf2 Qc7 39. Rh2 Nd8 40. Rah1 Nf7 41.
Ke1 Na7 42. Qc1 Nd8 43. Kf2 Ndc6 44. Qa3 Nb5 45. Qa2 Nxb4 46. cxb4 Nc3 47. Qb2
Ne4+ 48. Ke1 Qe7 49. c3 g5 50. hxg5 hxg5 51. fxg5 Rxg5 52. Bf1 Ng3 53. Nxg5 Qxg5
54. Rh8 Nxh1 55. Rxh1 Qe3+ 56. Qe2 Qxc3+ 57. Qd2 Qg3+ 58. Qf2 Qb3 0-1

[Event "13th Asian Continental 2014"]
[Site "Sharjah UAE"]
[Date "2014.04.22"]
[Round "6.27"]
[White "Al-Takrori, Husam"]
[Black "Raes, Abdul Kader"]
[Result "1-0"]
[WhiteElo "2097"]
[BlackElo "2248"]
[WhiteFideId "11501200"]
[BlackFideId "7600801"]
[EventDate "2014.04.17"]

1. e4 d6 2. d4 Nf6 3. Nc3 g6 4. f3 Bg7 5. Be3 c6 6. a4 a5 7. Qd2 Nbd7 8. g4 h5
9. g5 Nh7 10. h4 Qc7 11. Rd1 O-O 12. Nge2 Re8 13. Bg2 b6 14. O-O Ba6 15. f4 e6
16. f5 exf5 17. exf5 d5 18. Rf2 Bf8 19. Nf4 Qd6 20. Ncxd5 cxd5 21. Bxd5 Kg7 22.
Bxa8 Rxa8 23. b3 Re8 24. c4 Bb7 25. fxg6 fxg6 26. d5 Kg8 27. Bd4 Nc5 28. Bxc5
bxc5 29. Re1 Rxe1+ 30. Qxe1 Bc8 31. Kg2 Bd7 32. Ne6 Bg7 33. Qe4 Nf8 34. Nxf8
Bxf8 35. Rf6 Bf5 36. Qe8 Qe7 37. Qxe7 Bxe7 38. Rb6 Kf7 39. Kf3 Ke8 40. Kf4 Bd8
41. Rb7 Bc8 42. Rg7 Kf8 43. Ra7 Ke8 44. Ke5 Bf5 45. Kd6 Bc2 46. Rh7 Bb6 47. Rh8+
Kf7 48. Rb8 1-0

[Event "13th Asian Continental 2014"]
[Site "Sharjah UAE"]
[Date "2014.04.22"]
[Round "6.28"]
[White "Abdulkarim, Ali"]
[Black "Ayyad, Maher"]
[Result "0-1"]
[BlackTitle "FM"]
[WhiteElo "1927"]
[BlackElo "2161"]
[WhiteFideId "9301640"]
[BlackFideId "11200235"]
[EventDate "2014.04.17"]

1. d4 d5 2. c4 e6 3. Nc3 Nf6 4. cxd5 exd5 5. Bg5 Nbd7 6. e3 c6 7. Bd3 Be7 8. Qc2
O-O 9. Nge2 Re8 10. O-O-O a5 11. Kb1 b5 12. Ng3 h6 13. Bxf6 Nxf6 14. Rc1 a4 15.
Nf5 Bf8 16. h3 Qa5 17. Ne2 Bd7 18. g4 b4 19. Qd2 b3 20. Qxa5 bxa2+ 21. Kxa2 Rxa5
22. Rc2 Ne4 23. Nc3 g6 24. Nh4 Bb4 25. Nxe4 dxe4 26. Bc4 Kg7 27. Ng2 h5 28. gxh5
Rxh5 29. Nf4 Rh4 30. d5 c5 31. d6 Rd8 32. Rcc1 Kf8 33. Rhg1 Kg7 34. Rg5 Bxh3 35.
Rh1 Rdh8 36. Bxf7 Kxf7 37. Rhg1 Bf5 38. Nxg6 Bxg6 39. Rxg6 Ke8 40. d7+ Kxd7 41.
Rd1+ Kc7 42. Rdd6 R4h7 43. Ra6 Kb8 44. Rxa4 Rf8 45. Rb6+ Rb7 46. Re6 Rxf2 47.
Rxe4 Rff7 48. Ra6 Ra7 49. Rxa7 Kxa7 50. Kb3 Kb6 51. Kc4 Kc6 52. Rh4 Kd6 53. Rh8
Rf2 54. Kb3 Kd5 55. Rh4 Rf6 56. Ka4 Re6 57. Rh3 Kc4 58. Rh4+ Kd3 59. Kb3 Rxe3
60. Rh2 Kd4+ 61. Kc2 Kc4 62. Rg2 Rf3 63. Rh2 Be1 64. Kd1 Bg3 65. Rc2+ Kb4 66.
Rg2 Rf1+ 67. Ke2 Rf2+ 68. Rxf2 Bxf2 69. Kxf2 Kb3 70. Ke3 Kxb2 71. Kd3 Kb3 72.
Kd2 c4 73. Kc1 Kc3 0-1

[Event "13th Asian Continental 2014"]
[Site "Sharjah UAE"]
[Date "2014.04.22"]
[Round "6.29"]
[White "Chahrour, Ibrahim"]
[Black "Najjar, Ahmad"]
[Result "1-0"]
[WhiteTitle "FM"]
[BlackTitle "FM"]
[WhiteElo "2079"]
[BlackElo "2261"]
[WhiteFideId "5301653"]
[BlackFideId "5300100"]
[EventDate "2014.04.17"]

1. e4 e6 2. d4 d5 3. Nc3 a6 4. Nf3 Nf6 5. Bd3 Nc6 6. a3 Be7 7. e5 Nd7 8. Qe2 b6
9. h4 Bb7 10. Rh3 Qc8 11. Be3 Nd8 12. Nd1 c5 13. c3 a5 14. Qc2 Ba6 15. Bxh7 cxd4
16. Bxd4 Rxh7 17. Qxh7 Qc4 18. Qc2 Qf1+ 19. Kd2 Nc6 20. Rb1 Nc5 21. Bxc5 Bxc5
22. b4 axb4 23. cxb4 Bc4 24. bxc5 Rxa3 25. Rh1 Rd3+ 26. Kc1 Qxh1 27. cxb6 Rxf3
28. gxf3 Qxf3 29. Qa4 Qf4+ 30. Ne3 Kd7 31. b7 Qxe5 32. b8=N+ Kc8 33. Qxc6+ Qc7
34. Qxc7+ Kxc7 35. Nxc4 dxc4 36. Kc2 Kd6 37. Kc3 Ke5 38. Rb7 Kd5 1-0

[Event "13th Asian Continental 2014"]
[Site "Sharjah UAE"]
[Date "2014.04.22"]
[Round "6.31"]
[White "khayat, Abdullah F"]
[Black "Shehab, Ibrahim"]
[Result "0-1"]
[WhiteElo "1716"]
[BlackElo "2082"]
[WhiteFideId "21500460"]
[BlackFideId "10300082"]
[EventDate "2014.04.17"]

1. e4 c5 2. Nf3 e6 3. c3 a6 4. g3 Nc6 5. Bg2 d6 6. d3 Nf6 7. O-O Be7 8. Be3 Qc7
9. Re1 Ng4 10. Nbd2 Nxe3 11. Rxe3 Bd7 12. Qc2 g5 13. d4 g4 14. d5 gxf3 15. dxc6
Bxc6 16. Bxf3 O-O-O 17. a3 Rdg8 18. b4 Qd7 19. Nc4 Bd8 20. Rd3 Ba4 21. Qb2 Bc7
22. bxc5 Qc6 23. e5 d5 24. Nd6+ Bxd6 25. cxd6 Kb8 26. c4 Qxc4 27. Rc3 Qb5 28.
Qd2 Rc8 29. Be2 Qb6 30. Rac1 Rc6 31. Qf4 Rxc3 32. Rxc3 Qb2 33. Re3 Qb1+ 34. Kg2
Bc6 35. Bf3 Qg6 36. Qd4 h5 37. h4 Qb1 38. Rc3 Qe1 39. Re3 Qa5 40. Qf4 Qc5 41.
Qxf7 d4 42. Bxc6 Qxc6+ 43. Rf3 d3 44. Qf4 Qd5 45. Qd2 Qxe5 46. Rxd3 Rd8 47. Qb4
Rd7 48. Qd2 Qe4+ 49. Kh2 Qf5 50. Rd4 Qc5 51. Rd3 Ka8 52. Qf4 e5 53. Qf6 e4 54.
Rd2 e3 55. fxe3 Qxa3 56. Qe6 Qc3 57. Rf2 Qg7 58. e4 Rd8 59. e5 Rg8 60. Rf3 Qh7
61. Qc4 Kb8 62. Rf7 Qb1 63. Rf2 Qg6 64. Rf3 Rc8 65. Qf4 Qe6 66. Rf2 Rc5 67. Re2
Rd5 68. Qf8+ Ka7 69. Qe7 Qg4 70. Rf2 Qd4 71. Qf6 Rxe5 72. d7 Rd5 73. Qxd4+ Rxd4
74. Rf5 b5 75. Rxh5 Kb6 76. Rg5 b4 77. h5 b3 78. Rf5 Rxd7 79. Rf3 Rd2+ 80. Kh3
b2 81. Rb3+ Kc5 82. h6 Kc4 83. Rb7 Kc3 84. h7 Rd8 85. g4 Rh8 86. g5 Rxh7+ 87.
Rxh7 b1=Q 88. Rc7+ Kd4 89. Rd7+ Ke5 0-1

[Event "13th Asian Continental 2014"]
[Site "Sharjah UAE"]
[Date "2014.04.23"]
[Round "7.1"]
[White "Kasimdzhanov, Rustam"]
[Black "Yu, Yangyi"]
[Result "1/2-1/2"]
[WhiteTitle "GM"]
[BlackTitle "GM"]
[WhiteElo "2693"]
[BlackElo "2667"]
[WhiteFideId "14200244"]
[BlackFideId "8603820"]
[EventDate "2014.04.17"]

1. d4 Nf6 2. c4 e6 3. Nf3 d5 4. Nc3 Bb4 5. cxd5 exd5 6. Bg5 Qd6 7. Bxf6 Qxf6 8.
Qb3 Qb6 9. a3 Ba5 10. Qc2 Bf5 11. Qa4+ Bd7 12. Qc2 Bf5 13. Qa4+ Bd7 14. Qc2 Bf5 1/2-1/2

[Event "13th Asian Continental 2014"]
[Site "Sharjah UAE"]
[Date "2014.04.23"]
[Round "7.6"]
[White "Wen, Yang"]
[Black "Sethuraman, S.P."]
[Result "1/2-1/2"]
[WhiteTitle "GM"]
[BlackTitle "GM"]
[WhiteElo "2581"]
[BlackElo "2576"]
[WhiteFideId "8602956"]
[BlackFideId "5021596"]
[EventDate "2014.04.17"]

1. g3 Nf6 2. Bg2 d5 3. Nf3 c6 4. O-O Bg4 5. c4 e6 6. cxd5 exd5 7. d3 Nbd7 8. h3
Bxf3 9. Bxf3 Bc5 10. Nc3 d4 11. Ne4 Nxe4 12. Bxe4 O-O 13. Bd2 Bd6 14. Qa4 Be5
15. Bf3 Kh8 16. b4 a6 17. Qb3 Qc7 18. Kg2 Bd6 19. a4 Ne5 20. b5 Nxf3 21. exf3
Qb6 22. Rfb1 axb5 23. axb5 Rxa1 24. Rxa1 Kg8 25. Rb1 c5 26. Ra1 Re8 27. Ba5 Qa7
28. Qd5 Bf8 29. Qd7 Ra8 30. b6 Qb8 31. Ra4 Ra6 32. Bd2 Rxb6 33. Ra1 Re6 34. Bf4
Bd6 35. Bxd6 Rxd6 36. Qf5 Rc6 37. Qd7 Rd6 38. Qf5 b6 39. Ra7 Qe8 40. Qe5 Rd8 41.
Qc7 h6 42. Rb7 Rc8 43. Qxb6 c4 44. dxc4 d3 45. Qe3 Qxe3 1/2-1/2

[Event "13th Asian Continental 2014"]
[Site "Sharjah UAE"]
[Date "2014.04.23"]
[Round "7.7"]
[White "Rahman, Ziaur"]
[Black "Jumabayev, Rinat"]
[Result "0-1"]
[WhiteTitle "GM"]
[BlackTitle "GM"]
[WhiteElo "2513"]
[BlackElo "2580"]
[WhiteFideId "10200037"]
[BlackFideId "13702661"]
[EventDate "2014.04.17"]

1. d4 e6 2. Nf3 Nf6 3. Bf4 b6 4. e3 Bb7 5. Nbd2 Be7 6. h3 O-O 7. Bd3 c5 8. O-O
cxd4 9. exd4 d6 10. Re1 Nbd7 11. a4 Qc7 12. Bg3 a6 13. c4 a5 14. Nb1 Nb8 15. Nc3
Na6 16. Nb5 Qd8 17. Rc1 Re8 18. Bb1 Rc8 19. b3 Nh5 20. d5 exd5 21. Bxd6 Nf6 22.
Bxe7 Rxe7 23. Rxe7 Qxe7 24. cxd5 Rxc1 25. Qxc1 Nxd5 26. Nbd4 Nc5 27. Nf5 Qf6 28.
Qe1 Kf8 29. Ne5 g6 30. Nh6 Nf4 31. Nhxf7 Bxg2 32. b4 axb4 33. Qxb4 Bxh3 34. Qd2
Be6 35. Qd8+ Qxd8 36. Nxd8 Bb3 37. Ndc6 Bxa4 38. Nb4 Ne2+ 39. Kg2 Nc3 40. Bc2
Bxc2 41. Nxc2 Ke7 42. f4 Nd5 43. Kf3 b5 44. Na3 b4 45. Nac4 Kf6 46. Ng4+ Kf5 47.
Nh6+ Ke6 48. Nb2 b3 49. Ng4 Nb6 50. Ne3 Nca4 51. Nd3 b2 52. Nxb2 Nxb2 53. Kg4
N2c4 54. Nc2 Kf6 55. Nd4 Ne3+ 56. Kf3 Nf5 57. Nc6 Nd7 58. Nb4 Ke6 59. Nd3 Nf6
60. Nf2 Nd4+ 61. Ke3 Nc6 62. Nh3 Kf5 63. Kf3 Nd4+ 64. Kg3 Ne6 0-1

[Event "13th Asian Continental 2014"]
[Site "Sharjah UAE"]
[Date "2014.04.23"]
[Round "7.8"]
[White "Gundavaa, Bayarsaikhan"]
[Black "Ganguly, Surya Shekhar"]
[Result "1/2-1/2"]
[WhiteTitle "GM"]
[BlackTitle "GM"]
[WhiteElo "2507"]
[BlackElo "2631"]
[WhiteFideId "4901045"]
[BlackFideId "5002150"]
[EventDate "2014.04.17"]

1. d4 Nf6 2. c4 g6 3. Nc3 Bg7 4. e4 d6 5. f3 O-O 6. Be3 c5 7. dxc5 dxc5 8. Qxd8
Rxd8 9. Bxc5 Nc6 10. Nge2 b6 11. Ba3 Ba6 12. Nb5 Rd7 13. Nec3 Rad8 14. Be2 Nh5
15. g3 Bb7 16. Na4 f5 17. exf5 gxf5 18. Kf2 Rd2 19. Rhd1 Ne5 20. Rxd2 Rxd2 21.
Ke1 Rxe2+ 22. Kxe2 Bxf3+ 23. Kf1 Ng4 24. Bxe7 Nxh2+ 25. Kg1 Ng4 26. Rf1 Be4 27.
Nac3 Nxg3 28. Rd1 Bf3 29. Rd3 Ne2+ 30. Kf1 Nxc3 31. bxc3 Ne5 32. Rd8+ Kf7 33.
Bg5 Nxc4 34. Bf4 Kg6 35. Kf2 Be4 36. Nd6 Bd5 37. Ne8 Be6 38. Nxg7 Kxg7 39. Kg3
a5 40. Bc7 b5 41. Rb8 Bd7 42. Rb7 Bc6 43. Ra7 a4 44. Bf4+ Kf8 45. Rc7 Be4 46.
Rc5 Bb1 47. a3 Ke7 48. Rxb5 Bc2 49. Rd5 Ke6 50. Rd4 Nxa3 51. c4 Bb3 52. c5 Nb5
53. Rb4 Na7 54. Rd4 Nb5 55. Rb4 Na7 56. Rd4 1/2-1/2

[Event "13th Asian Continental 2014"]
[Site "Sharjah UAE"]
[Date "2014.04.23"]
[Round "7.9"]
[White "Gupta, Abhijeet"]
[Black "Wan, Yunguo"]
[Result "1-0"]
[WhiteTitle "GM"]
[BlackTitle "IM"]
[WhiteElo "2630"]
[BlackElo "2505"]
[WhiteFideId "5010608"]
[BlackFideId "8603189"]
[EventDate "2014.04.17"]

1. d4 Nf6 2. c4 g6 3. Nc3 Bg7 4. e4 d6 5. Nf3 O-O 6. h3 e5 7. d5 a5 8. g4 Na6 9.
Bg5 c6 10. Be2 Bd7 11. Nd2 Qb8 12. Be3 cxd5 13. cxd5 b5 14. g5 Ne8 15. Bg4 f5
16. gxf6 Nxf6 17. Bxd7 Nxd7 18. Qe2 Nc7 19. a4 bxa4 20. Nxa4 Qb4 21. Qc4 Nb5 22.
Nb6 Nxb6 23. Bxb6 Bh6 24. Qxb4 axb4 25. Ke2 Rfb8 26. Nc4 Kf7 27. f3 Ke7 28. Bf2
Rc8 29. Kd3 Rf8 30. Rxa8 Rxa8 31. Be1 b3 32. Bb4 Bf4 33. Na5 Nd4 34. Rf1 Kd7 35.
Bc3 Ra7 36. Nc4 Nb5 37. Ba5 Bg5 38. Ra1 Nd4 39. Ra3 Rb7 40. Bb6 Nxf3 41. Ra6 Bh4
42. Na5 Rb8 43. Ra7+ Ke8 44. Nc4 Kf8 45. Bc7 Re8 46. Ke3 Ng5 47. Bxd6+ Kg8 48.
Be7 Rc8 49. Nxe5 Rc2 50. Ra8+ Kg7 51. Bf8+ 1-0